header

Animals erased (Record no. 148336)

MARC details
000 -LEADER
fixed length control field 01581nam a2200421Ia 4500
082 04 - DEWEY DECIMAL CLASSIFICATION NUMBER
Classification number 590
100 1# - MAIN ENTRY--AUTHOR NAME
Personal name Stibbe, Arran.
245 10 - TITLE STATEMENT
Title Animals erased
260 ## - PUBLICATION, DISTRIBUTION, ETC. (IMPRINT)
Place of publication Middletown, Conn. :
Name of publisher Wesleyan University Press,
Year of publication c2012.
300 ## - PHYSICAL DESCRIPTION
Number of Pages viii, 213 p. :
Other physical details ill.
650 #0 - SUBJECT ADDED ENTRY--TOPICAL TERM
Topical Term Human-animal relationships.
Topical Term Animals and civilization.
Topical Term Animals
Topical Term Discourse analysis.
Topical Term Animal welfare.
Topical Term Nature
Topical Term Human ecology
Topical Term Environmental ethics.
Topical Term Ecology
Topical Term Ecology
856 40 - ELECTRONIC LOCATION AND ACCESS
Uniform Resource Identifier http://site.ebrary.com/lib/rucke/Doc?id=10533693

No items available.

© 2026 Rongo University
Contact us: librarian | system librarian | Rongo university